00430nam a2200145 a 4500008004100000020001500041050001500056100002000071245005000091260004000141300001400181350000900195490003300204650004700237120416s1993 ||||||||||||||||| || u a0821325906 aIBRD(08)DP aZilinskas, R. A10aMarine biotechnology and developing countries aWashington, D. C.bWorld Bankc1993 axv, 115p. a0.00 aWorld Bank Discussion Papers aMARINE BIOTECHNOLOGY--DEVELOPING COUNTRIES